000 00328nam a22001457a 4500
020 _a0-571-20947-5
082 _a823
_bABD/P
100 _aARDAGH, PHILIP
245 _aTHE EDDIE DICKENS TRILOGY
260 _aLONDON
_bFABER AND FABER
_c2001
300 _a134
520 _aENGLISH NOVEL
650 _aENGLISH NOVEL
942 _cBK
999 _c5652
_d5652